[Event "GER-ch53 V05 email"]
[Site "GER email"]
[Date "2021.04.21"]
[Round "?"]
[White "Lelgemann, Ludwig"]
[Black "Schneider, Karl Heinz"]
[Result "1/2-1/2"]
[WhiteElo "2010"]
[BlackElo "2130"]
[PlyCount "60"]
[EventDate "2021.04.21"]
[EventType "tourn (corr)"]
[EventRounds "10"]
[EventCountry "GER"]
[SourceTitle "Corr 2024"]
[Source "ChessBase"]
[SourceDate "2023.10.19"]
[SourceVersion "1"]
[SourceVersionDate "2023.10.19"]
[SourceQuality "1"]

1. d4 d5 2. c4 c6 3. cxd5 cxd5 4. Nc3 Nf6 5. Nf3 Nc6 6. Bf4 a6 7. h3 Bf5 8. e3 e6 9. Be2 Be7 10. 0-0 Rc8 11. Na4 0-0 12. a3 Na5 13. Rc1 Nc4 14. Nc5 b5 15. b4 Nxa3 16. Nxa6 Nc4 17. Nc5 Ne4 18. Ne5 f6 19. Ned3 Ra8 20. Bg4 Bxc5 21. Bxf5 exf5 22. bxc5 Ra3 23. Nb4 g5 24. Bh2 Ra4 25. Nd3 Qd7 26. h4 gxh4 27. Qh5 b4 28. f3 Ng3 29. Bxg3 hxg3 30. Rfe1 b3 1/2-1/2

[Event "GER-ch53 V05 email"]
[Site "GER email"]
[Date "2021.04.21"]
[Round "?"]
[White "Schneider, Karl Heinz"]
[Black "Hausdorf, Heinz"]
[Result "1/2-1/2"]
[WhiteElo "2130"]
[BlackElo "2079"]
[PlyCount "101"]
[EventDate "2021.04.21"]
[EventType "tourn (corr)"]
[EventRounds "10"]
[EventCountry "GER"]
[SourceTitle "Corr 2024"]
[Source "ChessBase"]
[SourceDate "2023.10.19"]
[SourceVersion "1"]
[SourceVersionDate "2023.10.19"]
[SourceQuality "1"]

1. d4 e6 2. e4 d5 3. Nc3 Nf6 4. Bg5 Be7 5. e5 Nfd7 6. h4 Bxg5 7. hxg5 Qxg5 8. Nh3 Qe7 9. Qg4 g6 10. Ng5 h5 11. Qf4 a6 12. 0-0-0 Nc6 13. g4 Nb6 14. gxh5 gxh5 15. Bh3 Bd7 16. Rhg1 Nc4 17. a3 0-0-0 18. Qxf7 Rdf8 19. Qxe7 Nxe7 20. Rg2 Nf5 21. Ne2 b6 22. b3 Na5 23. Rdg1 Nc6 24. Bxf5 Rxf5 25. Nh3 Rhf8 26. Kd2 a5 27. c3 a4 28. bxa4 Na5 29. Ke1 Nc4 30. f4 R5f7 31. Rg6 Rh8 32. Rg8+ Rf8 33. Rxf8+ Rxf8 34. Rg7 Ne3 35. Rh7 h4 36. Kf2 Nd1+ 37. Kf3 Bxa4 38. Ng5 Bc2 39. Rxh4 Re8 40. Rh2 Bd3 41. Ng3 Nxc3 42. Ke3 Bc4 43. Rh6 Ne4 44. N5xe4 dxe4 45. Nxe4 Rg8 46. Ng5 Kd7 47. Rh7+ Kd8 48. Nf7+ Kc8 49. Ng5 Kd8 50. Kf3 Bb3 51. Rf7 1/2-1/2

[Event "GER-ch53 V05 email"]
[Site "GER email"]
[Date "2021.04.21"]
[Round "?"]
[White "Schneider, Karl Heinz"]
[Black "Hild, Harald"]
[Result "0-1"]
[WhiteElo "2130"]
[BlackElo "2124"]
[PlyCount "90"]
[EventDate "2021.04.21"]
[EventType "tourn (corr)"]
[EventRounds "10"]
[EventCountry "GER"]
[SourceTitle "Corr 2024"]
[Source "ChessBase"]
[SourceDate "2023.10.19"]
[SourceVersion "1"]
[SourceVersionDate "2023.10.19"]
[SourceQuality "1"]

1. d4 f5 2. g3 Nf6 3. Bg2 g6 4. Nf3 Bg7 5. c4 0-0 6. 0-0 d6 7. Nc3 c6 8. Rb1 a5 9. Qb3 Na6 10. Na4 Ne4 11. d5 cxd5 12. cxd5 Bd7 13. Nc3 a4 14. Qa3 Nec5 15. Bd2 b5 16. Nd1 Rb8 17. Qe3 b4 18. Nd4 Qb6 19. Rc1 Ne4 20. Rc4 Bb5 21. Nxb5 Qxb5 22. b3 Nxd2 23. Qxd2 Nc5 24. Qc2 axb3 25. axb3 Ra8 26. Ne3 Ra3 27. Rb1 Rfa8 28. h4 h5 29. Nxf5 gxf5 30. Bh3 Rf8 31. Rf4 Kh8 32. Rxf5 Qe8 33. Rg5 Rf6 34. e4 Bh6 35. Rf5 Qg6 36. Kh2 Qf7 37. Kg2 Bg7 38. Rg5 Bh6 39. Rf5 Kg8 40. Qe2 Kf8 41. Kg1 Nxb3 42. Qc4 Nd2 43. Rxf6 Qxf6 44. Qc8+ Kg7 45. Be6 Qg6 0-1

[Event "GER T317-B12-S email"]
[Site "GER email"]
[Date "2020.11.24"]
[Round "?"]
[White "Krammel, Josef"]
[Black "Schneider, Karl Heinz"]
[Result "0-1"]
[WhiteElo "1779"]
[BlackElo "2130"]
[PlyCount "58"]
[EventDate "2020.11.24"]
[EventType "tourn (corr)"]
[EventRounds "8"]
[EventCountry "GER"]
[SourceTitle "Corr 2024"]
[Source "ChessBase"]
[SourceDate "2023.10.19"]
[SourceVersion "1"]
[SourceVersionDate "2023.10.19"]
[SourceQuality "1"]

1. e4 c6 2. d4 d5 3. e5 Bf5 4. Nf3 e6 5. Be2 Ne7 6. 0-0 Nd7 7. Nbd2 h6 8. Nb3 Qc7 9. Be3 0-0-0 10. a4 Kb8 11. a5 a6 12. c3 g5 13. h3 Ka8 14. Re1 Bg7 15. Nbd2 g4 16. hxg4 Bxg4 17. Nh4 h5 18. Ndf3 f6 19. exf6 Bxf6 20. Qd2 Rdg8 21. Kh1 Qd8 22. Ng5 Rg7 23. b3 Rhg8 24. f4 Nf5 25. Nxf5 Bxf5 26. Bd3 Bxd3 27. Qxd3 Bxg5 28. fxg5 Nf8 29. b4 Nh7 0-1

[Event "GER T317-B12-S email"]
[Site "GER email"]
[Date "2020.11.24"]
[Round "?"]
[White "Schneider, Karl Heinz"]
[Black "Neumann, Peter"]
[Result "1-0"]
[WhiteElo "2130"]
[BlackElo "1719"]
[PlyCount "33"]
[EventDate "2020.11.24"]
[EventType "tourn (corr)"]
[EventRounds "8"]
[EventCountry "GER"]
[SourceTitle "Corr 2024"]
[Source "ChessBase"]
[SourceDate "2023.10.19"]
[SourceVersion "1"]
[SourceVersionDate "2023.10.19"]
[SourceQuality "1"]

1. e4 c6 2. d4 d5 3. e5 Bf5 4. Be2 e6 5. Nf3 Ne7 6. c3 Nd7 7. 0-0 c5 8. dxc5 Nxc5 9. Nd4 a6 10. Be3 Qc7 11. c4 dxc4 12. Na3 Rd8 13. Nxc4 Nc6 14. Rc1 b6 15. a3 Nxd4 16. Bxd4 Be7 17. b4 1-0

[Event "WchT Seniors 50"]
[Site "Radebeul"]
[Date "2016.07.02"]
[Round "7.6"]
[White "Sandner, Gunter"]
[Black "Schneider, Karl Heinz"]
[Result "1/2-1/2"]
[WhiteElo "2267"]
[BlackElo "1975"]
[PlyCount "56"]
[EventDate "2016.06.26"]
[EventType "team-swiss"]
[EventRounds "9"]
[EventCountry "GER"]
[SourceTitle "CBM 173 Extra"]
[Source "ChessBase"]
[SourceDate "2016.08.29"]
[SourceVersion "1"]
[SourceVersionDate "2016.08.29"]
[SourceQuality "1"]
[WhiteTeam "Thueringen"]
[BlackTeam "Stiftung BSW/DBAG II"]
[WhiteTeamCountry "GER"]
[BlackTeamCountry "GER"]

1. d4 d5 2. c4 e6 3. Nf3 Nf6 4. g3 Nbd7 5. Bg2 g6 6. 0-0 Bg7 7. Bf4 0-0 8. Qc1 c6 9. Bg5 Qb6 10. c5 Qa6 11. Re1 b6 12. cxb6 Qxb6 13. Nc3 Ba6 14. a3 Rac8 15. b4 Bc4 16. Na4 Qa6 17. Qc2 Ne4 18. Bf4 Bb5 19. Nb2 Qb6 20. Be3 a5 21. Ne5 Nef6 22. Nbd3 Bxd3 23. Qxd3 axb4 24. Reb1 Qc7 25. Nxd7 Nxd7 26. axb4 Nb6 27. Bf4 Qd8 28. Ra7 Nc4 1/2-1/2

[Event "WchT Seniors 50"]
[Site "Radebeul"]
[Date "2016.06.27"]
[Round "2.4"]
[White "Kargoll, Herbert"]
[Black "Schneider, Karl Heinz"]
[Result "1-0"]
[WhiteElo "2185"]
[BlackElo "1975"]
[PlyCount "91"]
[EventDate "2016.06.26"]
[EventType "team-swiss"]
[EventRounds "9"]
[EventCountry "GER"]
[SourceTitle "CBM 173 Extra"]
[Source "ChessBase"]
[SourceDate "2016.08.29"]
[SourceVersion "1"]
[SourceVersionDate "2016.08.29"]
[SourceQuality "1"]
[WhiteTeam "Hessen Seniors"]
[BlackTeam "Stiftung BSW/DBAG II"]
[WhiteTeamCountry "GER"]
[BlackTeamCountry "GER"]

1. e4 c5 2. Nf3 Nc6 3. b3 Nf6 4. e5 Ng4 5. Bb2 e6 6. h3 Nh6 7. g4 Be7 8. Nc3 a6 9. Ne4 0-0 10. Bd3 Nb4 11. g5 Nxd3+ 12. cxd3 Nf5 13. Nf6+ Kh8 14. Nh2 Qc7 15. Ne4 b6 16. Ng4 Bb7 17. h4 d5 18. exd6 Nxd6 19. Qe2 Rad8 20. Rh3 Nf5 21. Rc1 Nd4 22. Qe3 Bc8 23. Bxd4 Rxd4 24. Qxd4 Qf4 25. Qe3 Qxg4 26. Qg3 Qf5 27. Qg2 Bb7 28. Re3 Qf4 29. Qg3 Qf5 30. Nd6 Qd5 31. Nxb7 Qh1+ 32. Ke2 Qxb7 33. h5 Qd5 34. Rg1 Rd8 35. Qf4 b5 36. Qf3 Bxg5 37. Qxf7 Bf6 38. h6 Rg8 39. hxg7+ Bxg7 40. Qxe6 Qh5+ 41. Ke1 Qh2 42. Qg4 Qb8 43. Re7 Qf8 44. Qe6 a5 45. Rgxg7 Rxg7 46. Re8 1-0

[Event "GER-chT11-B2 email"]
[Site "GER email"]
[Date "2015.09.29"]
[Round "?"]
[White "Link, Peter Michael"]
[Black "Schneider, Karl Heinz"]
[Result "1/2-1/2"]
[WhiteElo "2153"]
[BlackElo "2119"]
[PlyCount "84"]
[EventDate "2015.??.??"]
[EventType "tourn (corr)"]
[EventRounds "8"]
[EventCountry "GER"]
[SourceTitle "Corr 2022"]
[Source "ChessBase"]
[SourceDate "2021.10.24"]
[SourceVersion "1"]
[SourceVersionDate "2021.10.24"]
[SourceQuality "1"]

1. d4 Nf6 2. c4 e6 3. g3 d5 4. Nf3 Be7 5. Bg2 0-0 6. 0-0 dxc4 7. Qc2 a6 8. Qxc4 b5 9. Qc2 Bb7 10. Bd2 Bd6 11. Ng5 Bxg2 12. Kxg2 Nbd7 13. e4 e5 14. dxe5 Nxe5 15. f4 Nc4 16. b3 Nxd2 17. Nxd2 h6 18. Ngf3 Bb4 19. Rf2 Qe7 20. Re2 Rad8 21. Rc1 Qd7 22. e5 Nd5 23. h3 Ba3 24. Rf1 Qe6 25. Ne4 Qb6 26. Qd2 Rfe8 27. f5 Bf8 28. Nc3 Nb4 29. Qf4 Nd3 30. Qh4 f6 31. exf6 Rxe2+ 32. Nxe2 Qxf6 33. Qxf6 gxf6 34. Nfd4 Nb4 35. a3 Nd5 36. Kf3 Nb6 37. Ke4 c5 38. Ne6 Rd2 39. N2f4 c4 40. bxc4 Nxc4 41. Nxf8 Kxf8 42. Ra1 Ke8 1/2-1/2

[Event "GER-chT11-B2 email"]
[Site "GER email"]
[Date "2015.09.29"]
[Round "?"]
[White "Schneider, Karl Heinz"]
[Black "Hoeppenstein, Michael"]
[Result "1/2-1/2"]
[WhiteElo "2119"]
[BlackElo "2057"]
[PlyCount "28"]
[EventDate "2015.??.??"]
[EventType "tourn (corr)"]
[EventRounds "8"]
[EventCountry "GER"]
[SourceTitle "Corr 2022"]
[Source "ChessBase"]
[SourceDate "2021.10.24"]
[SourceVersion "1"]
[SourceVersionDate "2021.10.24"]
[SourceQuality "1"]

1. d4 Nf6 2. c4 e6 3. g3 c5 4. Nf3 cxd4 5. Nxd4 Qc7 6. Nd2 Nc6 7. Nb5 Qb6 8. Bg2 d5 9. 0-0 Be7 10. Nf3 0-0 11. Be3 Qa5 12. Bd2 Qb6 13. Be3 Qa5 14. Bd2 Qb6 1/2-1/2

[Event "Steinfurt Bezirksklasse 1011"]
[Site "Germany"]
[Date "2011.03.19"]
[Round "8.5"]
[White "Schneider, Karl Heinz"]
[Black "Stroot, Helmut"]
[Result "0-1"]
[WhiteElo "1335"]
[BlackElo "1375"]
[PlyCount "60"]
[EventDate "2010.09.25"]
[EventType "team-tourn"]
[EventRounds "9"]
[EventCountry "GER"]
[SourceTitle "EXT 2012"]
[Source "ChessBase"]
[SourceDate "2011.11.24"]
[SourceVersion "1"]
[SourceVersionDate "2011.11.24"]
[SourceQuality "1"]
[WhiteTeam "Reckenfeld II"]
[BlackTeam "Rheine CC"]
[WhiteTeamCountry "GER"]
[BlackTeamCountry "GER"]

1. e4 e6 2. Nf3 c5 3. Be2 Nc6 4. Nc3 Nf6 5. d3 d5 6. e5 Nd7 7. Bf4 Be7 8. 0-0 f5 9. h3 0-0 10. d4 cxd4 11. Nxd4 Ncxe5 12. Bxe5 Nxe5 13. f4 Ng6 14. Qd2 Bc5 15. Kh1 Qh4 16. Ndb5 Rf7 17. Rf3 a6 18. Nd4 e5 19. Nb3 e4 20. Rff1 Ba7 21. Qe1 Qxe1 22. Raxe1 d4 23. Nb1 Be6 24. Bh5 Rf6 25. g4 Bd5 26. g5 Rc6 27. Bxg6 hxg6 28. Na3 b5 29. Na5 Rc7 30. Rd1 e3+ 0-1

[Event "Nettetal op"]
[Site "Nettetal"]
[Date "2010.07.08"]
[Round "6"]
[White "Schneider, Karl Heinz"]
[Black "Thomas, Ingo"]
[Result "0-1"]
[WhiteElo "1926"]
[BlackElo "2135"]
[PlyCount "80"]
[EventDate "2010.07.03"]
[EventType "swiss"]
[EventRounds "9"]
[EventCountry "GER"]
[SourceTitle "CBM 137 Extra"]
[Source "ChessBase"]
[SourceDate "2010.09.01"]
[SourceVersion "1"]
[SourceVersionDate "2010.09.01"]
[SourceQuality "1"]

1. e4 c5 2. Nf3 d6 3. c3 Nf6 4. Qc2 Bg4 5. Ng5 h6 6. Nxf7 Kxf7 7. Qb3+ Be6 8. Qxb7 Nbd7 9. d3 g6 10. Be2 Bg7 11. Bf3 Ne5 12. Be2 Kg8 13. f4 Ned7 14. 0-0 Qb6 15. Qxb6 axb6 16. a3 Kh7 17. h3 Rac8 18. Nd2 Nb8 19. f5 Bf7 20. fxg6+ Bxg6 21. Nc4 Nbd7 22. g4 Rhf8 23. Bd2 d5 24. e5 dxc4 25. exf6 Bxf6 26. dxc4 Ne5 27. Bf4 Nd3 28. Bc1 Rfd8 29. Bf3 Nxc1 30. Raxc1 Bd3 31. Rfe1 Bxc4 32. Be4+ Kg7 33. Bf5 Rc6 34. b4 Rd2 35. a4 Rcd6 36. a5 bxa5 37. bxa5 Ra2 38. Ra1 Rdd2 39. Rxa2 Rxa2 40. Re4 Bd5 0-1

[Event "Nettetal op"]
[Site "Nettetal"]
[Date "2010.07.07"]
[Round "5"]
[White "Schneider, Karl Heinz"]
[Black "Dujmovic, Mate"]
[Result "1-0"]
[WhiteElo "1926"]
[BlackElo "1430"]
[PlyCount "149"]
[EventDate "2010.07.03"]
[EventType "swiss"]
[EventRounds "9"]
[EventCountry "GER"]
[SourceTitle "CBM 137 Extra"]
[Source "ChessBase"]
[SourceDate "2010.09.01"]
[SourceVersion "1"]
[SourceVersionDate "2010.09.01"]
[SourceQuality "1"]

1. e4 e6 2. d4 d6 3. c4 Be7 4. Nf3 Nf6 5. Nc3 0-0 6. h3 h6 7. Bf4 Nbd7 8. Bd3 Nh7 9. Qc2 Ng5 10. Nd2 e5 11. Be3 Ne6 12. d5 Nec5 13. Be2 Bg5 14. Bxc5 Bxd2+ 15. Qxd2 Nxc5 16. b4 Nd7 17. 0-0 Nf6 18. a4 b6 19. b5 Bd7 20. a5 Nh7 21. axb6 axb6 22. f4 Rxa1 23. Rxa1 exf4 24. Qxf4 Qg5 25. Qxg5 Nxg5 26. Ra7 Rc8 27. h4 Nh7 28. Na4 Nf6 29. Bd3 Bg4 30. Kf2 Bd1 31. Nc3 Bh5 32. Be2 Bxe2 33. Kxe2 Kf8 34. Ke3 Ng4+ 35. Kf4 Ne5 36. Ra4 Nd3+ 37. Ke3 Ne5 38. Ne2 Ke7 39. Nd4 g6 40. h5 Kf6 41. hxg6 fxg6 42. Ne6 g5 43. Kd4 h5 44. Ra1 g4 45. Rf1+ Kg6 46. Rf5 h4 47. Nf4+ Kg7 48. Rg5+ Kf6 49. Rh5 h3 50. gxh3 g3 51. Rf5+ Kg7 52. Rg5+ Kh6 53. Rxg3 Rf8 54. Ne6 Rf7 55. c5 bxc5+ 56. Nxc5 Nf3+ 57. Ke3 Ne5 58. Ne6 Nc4+ 59. Kd4 Ne5 60. Rc3 Nf3+ 61. Ke3 Ne5 62. Ke2 Kh5 63. Rxc7 Rf3 64. b6 Rb3 65. b7 Rb2+ 66. Kd1 Kh4 67. Nd4 Kxh3 68. Nf5 Kg2 69. Nxd6 Kf2 70. Rc2+ Rxc2 71. Kxc2 Nd7 72. e5 Ke3 73. e6 Nb8 74. e7 Kd4 75. e8Q 1-0

[Event "Nettetal op"]
[Site "Nettetal"]
[Date "2010.07.06"]
[Round "4"]
[White "Valenta, Richard"]
[Black "Schneider, Karl Heinz"]
[Result "0-1"]
[WhiteElo "1726"]
[BlackElo "1926"]
[PlyCount "76"]
[EventDate "2010.07.03"]
[EventType "swiss"]
[EventRounds "9"]
[EventCountry "GER"]
[SourceTitle "CBM 137 Extra"]
[Source "ChessBase"]
[SourceDate "2010.09.01"]
[SourceVersion "1"]
[SourceVersionDate "2010.09.01"]
[SourceQuality "1"]

1. e4 c5 2. Nf3 Nc6 3. Bc4 e6 4. 0-0 Nf6 5. Re1 d6 6. Nc3 a6 7. a3 Be7 8. d4 cxd4 9. Nxd4 Ne5 10. Ba2 0-0 11. Bf4 Ned7 12. Bxe6 fxe6 13. Nxe6 Qb6 14. Nxf8 Bxf8 15. b4 Qc6 16. Nd5 h6 17. Rc1 b5 18. Qf3 Bb7 19. Nxf6+ Nxf6 20. Bxh6 Nxe4 21. Bf4 Rc8 22. Qb3+ Qc4 23. Qd3 Nxf2 24. Qxc4+ Rxc4 25. Kxf2 Rxf4+ 26. Kg3 g5 27. Re8 Kf7 28. Rb8 Bd5 29. Rb6 Ke6 30. Rxa6 Bg7 31. Rd1 Bd4 32. Rxd4 Rxd4 33. Rb6 Bc4 34. Rb8 Rd2 35. a4 bxa4 36. Ra8 Rxg2+ 37. Kh3 Bf1 38. Re8+ Kd7 0-1

[Event "Steinfurt Bezirksliga 0910"]
[Site "Germany"]
[Date "2010.02.13"]
[Round "6.5"]
[White "Schneider, Karl Heinz"]
[Black "Ternes, Joachim"]
[Result "1/2-1/2"]
[WhiteElo "1345"]
[BlackElo "1573"]
[PlyCount "62"]
[EventDate "2009.09.12"]
[EventType "team-tourn"]
[EventRounds "9"]
[EventCountry "GER"]
[SourceTitle "EXT 2011"]
[Source "ChessBase"]
[SourceDate "2010.11.26"]
[SourceVersion "1"]
[SourceVersionDate "2010.11.26"]
[SourceQuality "1"]
[WhiteTeam "Reckenfeld II"]
[BlackTeam "Neuenkirchen II"]
[WhiteTeamCountry "GER"]
[BlackTeamCountry "GER"]

1. e4 c5 2. Nf3 Nc6 3. Bc4 e6 4. d3 d5 5. exd5 exd5 6. Qe2+ Be7 7. Bb5 Nf6 8. Bxc6+ bxc6 9. 0-0 0-0 10. Re1 Re8 11. Qd1 Bg4 12. h3 Bh5 13. Bf4 d4 14. Nbd2 Nd5 15. Bg3 f5 16. Qc1 f4 17. Bh2 Bd6 18. c4 Nf6 19. Rxe8+ Qxe8 20. Qf1 Qd7 21. Re1 Re8 22. Rxe8+ Qxe8 23. Qe1 Qxe1+ 24. Nxe1 g5 25. Nb3 Nd7 26. f3 Bg6 27. Kf2 Bc7 28. Ke2 a5 29. a4 Kf7 30. Bg1 Ke6 31. Bf2 h6 1/2-1/2

[Event "GER-ch Seniors 21st"]
[Site "Dresden"]
[Date "2009.08.05"]
[Round "4"]
[White "Schneider, Karl Heinz"]
[Black "Weller, Friedhelm"]
[Result "1-0"]
[WhiteElo "1852"]
[BlackElo "1919"]
[PlyCount "103"]
[EventDate "2009.08.03"]
[EventType "swiss"]
[EventRounds "9"]
[EventCountry "GER"]
[SourceTitle "CBM 131 Extra"]
[Source "ChessBase"]
[SourceDate "2009.09.03"]
[SourceVersion "2"]
[SourceVersionDate "2009.09.16"]
[SourceQuality "1"]

1. e4 c5 2. Bc4 e6 3. d3 Nc6 4. c3 Nf6 5. Bg5 Be7 6. Nf3 d6 7. 0-0 0-0 8. Re1 Qc7 9. Nbd2 a6 10. a4 d5 11. Bxf6 Bxf6 12. exd5 exd5 13. Bxd5 Ne7 14. Bc4 Bg4 15. Qb3 Rab8 16. Re3 Qc6 17. Ne5 Bxe5 18. Rxe5 Ng6 19. Rg5 Bd7 20. a5 b5 21. axb6 Rxb6 22. Qa3 Nf4 23. Ne4 Bc8 24. Rxc5 Qd7 25. d4 Bb7 26. f3 Bxe4 27. fxe4 Rg6 28. Bf1 Nh3+ 29. Kh1 Nf2+ 30. Kg1 Nxe4 31. Re5 Qg4 32. Qe7 Nd2 33. Re2 Nf3+ 34. Kh1 Qh5 35. gxf3 Qxf3+ 36. Bg2 Qg4 37. Rae1 h6 38. Qe4 Qg5 39. d5 f5 40. Qe7 Rff6 41. Qe8+ Kh7 42. c4 Rb6 43. Qe5 Rb4 44. Qd4 Qd8 45. Bh3 Rg5 46. Rg1 Rxg1+ 47. Kxg1 Qg5+ 48. Kf2 Rb3 49. Bg2 Qc1 50. d6 Qb1 51. d7 Rd3 52. d8Q 1-0

[Event "Duisburg Grossenbaum op"]
[Site "Duisburg"]
[Date "2006.06.11"]
[Round "5"]
[White "Fietz, Dieter"]
[Black "Schneider, Karl Heinz"]
[Result "0-1"]
[WhiteElo "2025"]
[BlackElo "1728"]
[PlyCount "72"]
[EventDate "2006.06.02"]
[EventType "swiss"]
[EventRounds "7"]
[EventCountry "GER"]
[SourceTitle "EXT 2007"]
[Source "ChessBase"]
[SourceDate "2006.11.23"]
[SourceVersion "1"]
[SourceVersionDate "2006.11.23"]
[SourceQuality "1"]

1. e4 c5 2. d4 cxd4 3. c3 dxc3 4. Nxc3 Nc6 5. Nf3 a6 6. Bc4 e6 7. 0-0 Be7 8. Qe2 g6 9. Rd1 Bf6 10. e5 Bg7 11. Ne4 Bh6 12. Nd6+ Kf8 13. Be3 Bxe3 14. Qxe3 Kg7 15. Qf4 Nh6 16. Ng5 Rf8 17. Nge4 Ng8 18. Rd3 h6 19. Rad1 Qa5 20. Nxc8 Raxc8 21. Nd6 Qxe5 22. Qd2 Rc7 23. a3 Qf6 24. Rf3 Qg5 25. Qe2 Ne5 26. Rg3 Qf6 27. Ba2 b5 28. Bb1 Ne7 29. Re3 Nc4 30. Rf3 Qxb2 31. Qxb2+ Nxb2 32. Re1 Rc6 33. Ne4 Rfc8 34. Kf1 Rc1 35. Rfe3 Rxe1+ 36. Rxe1 Nc4 0-1

[Event "Steinfurt Bezirksklasse 0506"]
[Site "Germany"]
[Date "2006.02.18"]
[Round "6.3"]
[White "Hooft, Rudolf"]
[Black "Schneider, Karl Heinz"]
[Result "1-0"]
[WhiteElo "1424"]
[BlackElo "1357"]
[PlyCount "45"]
[EventDate "2005.09.10"]
[EventType "team-tourn"]
[EventRounds "7"]
[EventCountry "GER"]
[SourceTitle "EXT 2006"]
[Source "ChessBase"]
[SourceDate "2005.11.24"]
[SourceVersion "1"]
[SourceVersionDate "2005.11.24"]
[SourceQuality "1"]
[WhiteTeam "Rheine SG II"]
[BlackTeam "Reckenfeld II"]
[WhiteTeamCountry "GER"]
[BlackTeamCountry "GER"]

1. d4 d5 2. c4 c6 3. Nc3 e6 4. e3 Bb4 5. Qc2 Nf6 6. Nf3 Ne4 7. Bd3 Bxc3+ 8. bxc3 f5 9. Ba3 Nd7 10. cxd5 cxd5 11. 0-0 h6 12. c4 Ndf6 13. Rab1 b6 14. cxd5 Nxd5 15. Bxe4 fxe4 16. Qxe4 Qf6 17. Rfc1 Kf7 18. Ne5+ Ke8 19. Nc6 g5 20. Ne7 Rf8 21. Nxd5 Qxf2+ 22. Kh1 Rf7 23. Nc7+ 1-0

[Event "Steinfurt Bezirksklasse 0506"]
[Site "Germany"]
[Date "2006.01.28"]
[Round "5.3"]
[White "Schneider, Karl Heinz"]
[Black "Tillack, Hans"]
[Result "0-1"]
[WhiteElo "1357"]
[BlackElo "1692"]
[PlyCount "114"]
[EventDate "2005.09.10"]
[EventType "team-tourn"]
[EventRounds "7"]
[EventCountry "GER"]
[SourceTitle "EXT 2006"]
[Source "ChessBase"]
[SourceDate "2005.11.24"]
[SourceVersion "1"]
[SourceVersionDate "2005.11.24"]
[SourceQuality "1"]
[WhiteTeam "Reckenfeld II"]
[BlackTeam "Emsdetten Rochade III"]
[WhiteTeamCountry "GER"]
[BlackTeamCountry "GER"]

1. e4 c5 2. Nf3 Nc6 3. Nc3 a6 4. Be2 Nd4 5. Nxd4 cxd4 6. Nd5 e6 7. Nf4 Qc7 8. g3 Nf6 9. Bf3 e5 10. Ng2 b5 11. 0-0 Bb7 12. d3 Rc8 13. Ne1 Bb4 14. Bd2 Bxd2 15. Qxd2 d5 16. Qe2 0-0 17. Rc1 b4 18. Ng2 dxe4 19. Bxe4 Nxe4 20. dxe4 Qc6 21. f3 a5 22. Rfd1 Ba6 23. Qf2 Rc7 24. Ne1 Rfc8 25. Qd2 f6 26. h4 Qc4 27. b3 Qf1+ 28. Kh2 Be2 29. f4 Bxd1 30. Rxd1 Qb5 31. Rc1 Qc6 32. Qd3 Qc3 33. Qe2 exf4 34. gxf4 Qe3 35. Qxe3 dxe3 36. Kg2 Kf7 37. Kf3 Rc3 38. Ke2 g6 39. Kd1 Rd8+ 40. Nd3 Rd4 41. e5 fxe5 42. fxe5 Rxh4 43. Ke2 Rh2+ 44. Kxe3 Rcxc2 45. Rf1+ Ke7 46. Ke4 Rxa2 47. Nc5 Rhe2+ 48. Kd5 Rad2+ 49. Kc6 Rxe5 50. Kb6 Rdd5 51. Na6 Re6+ 52. Kb7 Rxa6 53. Kxa6 h5 54. Re1+ Kf6 55. Rf1+ Rf5 56. Rc1 h4 57. Rc6+ Kg5 0-1